| 000 | 01241nam a22003017a 4500 | ||
|---|---|---|---|
| 001 | 9216 | ||
| 003 | FISKH | ||
| 005 | 20251202162120.0 | ||
| 008 | 251202b cb ||||| |||| 00| 0 eng d | ||
| 020 | _a9780618481378 | ||
| 040 |
_aFISKH _beng _cFISKH _dFISKH |
||
| 050 | _aPZ7 | ||
| 082 | _a900 | ||
| 100 |
_aAdler, Ruth _eAuthor |
||
| 245 |
_aA trip across the country / _cby Ruth Adler ; illustrated by Cindy Revell |
||
| 260 |
_aBoston : _bHoughton Mifflin , _c2005 |
||
| 300 |
_a8 pages : _bcolor illustrations ; _c21 cm |
||
| 505 | _aG | ||
| 520 | _aThe family shown is traveling from Los Angeles, California, to Queens, New York. The pictures on page 3 show the Mojave Dessert, an arid area between Los Angeles and Las Vegas, and the Rocky Mountains. The pictures on page 5 show the Western Great Plains and the prairies of the Midwest. The pictures on page 7 show Lake Erie and the Appalachian Mountains in Pennsylvania. The last picture on page 8 shows New York City. | ||
| 521 | 8 |
_a350
_bLexile estimate |
|
| 521 | 8 |
_aG
_bRaz-Plus |
|
| 650 |
_aTrip _vTraveling |
||
| 650 |
_vLos Angeles _2California |
||
| 650 |
_vQueens _2New York |
||
| 700 |
_aRevell, Cindy _eIllustrator |
||
| 942 |
_2ddc _cBK _n0 |
||
| 999 |
_c9216 _d9216 |
||